000 01230nam0a22003131 4500
001 RU\NLR\BIBL_A\022696640
005 20251228045631.0
010 _91100
035 _a(NLR Aleph) 022696640
035 _a(RuMoRGB)009319347
035 _a(RuMoELAR)1917-45-00303716
090 _a13512657
_c13512657
100 _a20251226d1933 u y0rusy50 ca
101 0 _arus
102 _aRU
105 _aa||||||||||||
181 0 _ai
_baxxe
182 0 _an
200 1 _aКрепость стального литья при высоких температурах с особым учетом влияния никеля
_fЕ. Пивоварский, Ниппер
203 _aТекст
_bвизуальный
_cнепосредственный
210 _aМосква
_cМашметиздат
_d1933
_g2 тип. изд-ва "Правда"
215 _a6 с.
_cил.
_d32х22 см
225 1 _aИнформационный материал
_fСектор техпропаганды Оргаметалла. Эксперимент.-производ. комбинат
700 1 _aПивоварский
_bЕ.
_gЕвгений
701 1 _aНиппер
852 _aNLR
_j33-13/143
942 _cBOOK
980 _aNB